[Event "Pion Frigant U2000"]
[Site "Contrecoeur CAN"]
[Date "2023.10.08"]
[Round "5.20"]
[White "Berube, Maximilien"]
[Black "Pelletier, Arnaud"]
[Result "1/2-1/2"]
[WhiteElo "1915"]
[BlackElo "1710"]
[PlyCount "62"]
[EventDate "2023.10.06"]
[EventType "swiss"]
[EventRounds "5"]
[EventCountry "CAN"]

1. e4 c5 2. Nf3 d6 3. d4 cxd4 4. Qxd4 Bd7 5. Be2 Nc6 6. Qe3 Nf6 7. O-O g6 8. h3
Bg7 9. c4 O-O 10. Bd2 a6 11. Bc3 Na7 12. Na3 Qb8 13. e5 dxe5 14. Nxe5 Bc6 15.
Nc2 Qc7 16. Nxc6 Nxc6 17. Nd4 Nd8 18. b3 e5 19. Nf3 Nc6 20. Rad1 Rfe8 21. Ne1
Nd4 22. Bd3 Nh5 23. Be4 Nf4 24. Kh1 f5 25. Bb1 Rad8 26. Nf3 Nxf3 27. Qxf3 Ne6
28. Qg3 Nf4 29. Qf3 Ne6 30. Qg3 Qc5 31. Qf3 Qc7 1/2-1/2

[Event "Pion Frigant U2000"]
[Site "Contrecoeur CAN"]
[Date "2023.10.08"]
[Round "5.21"]
[White "Dufresne, Christophe"]
[Black "Hudon, Paul"]
[Result "1-0"]
[WhiteElo "1745"]
[BlackElo "1669"]
[PlyCount "45"]
[EventDate "2023.10.06"]
[EventType "swiss"]
[EventRounds "5"]
[EventCountry "CAN"]

1. e4 c5 2. Nf3 d6 3. c3 Nf6 4. Bd3 Nc6 5. Bc2 e5 6. d3 h6 7. Nbd2 Be6 8. Nf1
d5 9. exd5 Nxd5 10. Ng3 Rc8 11. O-O Be7 12. Re1 Qc7 13. Ba4 f6 14. d4 Bd6 15.
dxe5 fxe5 16. Ne4 Be7 17. Nxe5 Qxe5 18. Nxc5 Qxe1+ 19. Qxe1 Bf7 20. Ne6 Nc7 21.
Bxc6+ bxc6 22. Nxg7+ Kf8 23. Nf5 1-0

[Event "Pion Frigant U2000"]
[Site "Contrecoeur CAN"]
[Date "2023.10.08"]
[Round "5.22"]
[White "Ivanov Yuan, Maksim"]
[Black "Kiryakov, Marin"]
[Result "1-0"]
[WhiteElo "1457"]
[BlackElo "1695"]
[PlyCount "59"]
[EventDate "2023.10.06"]
[EventType "swiss"]
[EventRounds "5"]
[EventCountry "CAN"]

1. e4 d6 2. d4 Nf6 3. Nc3 g6 4. f3 a6 5. Be3 b5 6. a3 c6 7. e5 dxe5 8. dxe5 Nd5
9. Bd4 Be6 10. Nge2 Nd7 11. Nxd5 cxd5 12. Nf4 Bg7 13. Nxe6 fxe6 14. f4 O-O 15.
g3 Rc8 16. Bh3 Rc6 17. O-O Qc8 18. a4 b4 19. c3 bxc3 20. Bxc3 Nc5 21. Rc1 Qb7
22. b4 Ne4 23. Bd2 Qb6+ 24. Kg2 Rfc8 25. Bxe6+ Rxe6 26. Rxc8+ Kf7 27. f5 gxf5
28. Rxf5+ Bf6 29. Qh5+ Kg7 30. Bh6# 1-0

[Event "Quebec op"]
[Site "Montreal CAN"]
[Date "2023.07.29"]
[Round "1.1"]
[White "Bruzon Batista, Lazaro"]
[Black "Pomerantz, Daniel"]
[Result "1-0"]
[WhiteElo "2609"]
[BlackElo "1979"]
[PlyCount "45"]
[EventDate "2023.07.29"]
[EventType "swiss"]
[EventRounds "9"]
[EventCountry "CAN"]

1. e4 c6 2. Nf3 d5 3. e5 c5 4. d4 cxd4 5. Qxd4 Nc6 6. Qf4 e6 7. Nc3 Nb4 8. Bd3
Nxd3+ 9. cxd3 h5 10. Ne2 Nh6 11. Ned4 Bb4+ 12. Bd2 Bxd2+ 13. Qxd2 Bd7 14. O-O
Qb6 15. Rac1 Bc6 16. Rc2 Rc8 17. Rfc1 Ng8 18. Qg5 Ne7 19. Qxg7 Rg8 20. Qh7 Rg4
21. Nxe6 d4 22. Neg5 Kd7 23. e6+ 1-0

[Event "Quebec op"]
[Site "Montreal CAN"]
[Date "2023.07.29"]
[Round "1.2"]
[White "Guillemette, Hugo"]
[Black "Rozentalis, Eduardas"]
[Result "0-1"]
[WhiteElo "1955"]
[BlackElo "2496"]
[PlyCount "64"]
[EventDate "2023.07.29"]
[EventType "swiss"]
[EventRounds "9"]
[EventCountry "CAN"]

1. e4 c6 2. d4 d5 3. e5 c5 4. dxc5 e6 5. a3 Bxc5 6. Nf3 Qb6 7. Qd2 f6 8. b4 Be7
9. Bb2 Nc6 10. c4 fxe5 11. Nxe5 Nf6 12. Nxc6 bxc6 13. cxd5 exd5 14. Bd3 O-O 15.
O-O a5 16. bxa5 Rxa5 17. Nc3 Ng4 18. Nd1 Qc7 19. g3 Ne5 20. Bxe5 Qxe5 21. Qxa5
Qxa1 22. a4 Qd4 23. Qc3 Qxa4 24. Ne3 Bf6 25. Qc5 g6 26. Rc1 Bd7 27. Qd6 Qa7 28.
Rd1 Bg7 29. Be4 Rf6 30. Bxd5+ cxd5 31. Qxd5+ Be6 32. Qd8+ Rf8 0-1

[Event "Quebec op"]
[Site "Montreal CAN"]
[Date "2023.07.29"]
[Round "1.4"]
[White "Libersan, Thierry"]
[Black "Sambuev, Bator"]
[Result "0-1"]
[WhiteElo "1920"]
[BlackElo "2457"]
[PlyCount "68"]
[EventDate "2023.07.29"]
[EventType "swiss"]
[EventRounds "9"]
[EventCountry "CAN"]

1. d4 d5 2. Nf3 c5 3. e3 cxd4 4. exd4 Nc6 5. c3 Bf5 6. Qb3 Qd7 7. Bb5 f6 8. O-O
a6 9. Bxc6 Qxc6 10. Bf4 g5 11. Bg3 h5 12. h4 g4 13. Nfd2 Bh6 14. Re1 Rc8 15.
Nf1 e6 16. Nbd2 Ne7 17. Ne3 Kf7 18. Qd1 Bg6 19. Qe2 Rhe8 20. f3 Nf5 21. Ndf1
Nxg3 22. Nxg3 Qd6 23. Qf2 gxf3 24. Qxf3 Qf4 25. Qxf4 Bxf4 26. Ngf1 Rg8 27. Kf2
Be4 28. g3 Bd6 29. Ng2 Rg4 30. Re3 Rcg8 31. Ne1 f5 32. Nd3 f4 33. Nxf4 Bxf4 34.
gxf4 Rxf4+ 0-1

[Event "Quebec op"]
[Site "Montreal CAN"]
[Date "2023.07.29"]
[Round "1.5"]
[White "Perez Rodriguez, Luis Manuel"]
[Black "Mok, Yuen Tak"]
[Result "1/2-1/2"]
[WhiteElo "2328"]
[BlackElo "1841"]
[PlyCount "59"]
[EventDate "2023.07.29"]
[EventType "swiss"]
[EventRounds "9"]
[EventCountry "CAN"]

1. e4 c6 2. d4 d5 3. exd5 cxd5 4. c4 Nf6 5. Nc3 g6 6. Qb3 Bg7 7. cxd5 O-O 8.
Be2 Na6 9. Bf3 Qb6 10. Qxb6 axb6 11. Nge2 Nb4 12. O-O Rd8 13. d6 Rxd6 14. Bf4
Rd7 15. Be5 Nfd5 16. a3 Nxc3 17. bxc3 Nc2 18. Ra2 Bxe5 19. dxe5 Nxa3 20. Nd4
Ra6 21. Be2 b5 22. Rfa1 Nc4 23. e6 fxe6 24. Nxb5 Rxa2 25. Rxa2 Nd6 26. Ra8 Rd8
27. Nd4 Kf7 28. f4 Rd7 29. Nf3 Rc7 30. c4 1/2-1/2

[Event "Quebec op"]
[Site "Montreal CAN"]
[Date "2023.07.29"]
[Round "1.7"]
[White "Tanaka, Tyler"]
[Black "Chang, Alexander"]
[Result "1-0"]
[WhiteElo "2297"]
[BlackElo "1704"]
[PlyCount "139"]
[EventDate "2023.07.29"]
[EventType "swiss"]
[EventRounds "9"]
[EventCountry "CAN"]

1. Nf3 Nf6 2. g3 d5 3. Bg2 e6 4. O-O Be7 5. c4 O-O 6. d4 c6 7. Nc3 Nbd7 8. b3
a6 9. Nd2 dxc4 10. Nxc4 Nd5 11. Bb2 b5 12. Nd2 Bb7 13. Rc1 Rc8 14. e4 Nb4 15.
Qe2 c5 16. d5 Ne5 17. Nf3 Nxf3+ 18. Bxf3 c4 19. bxc4 bxc4 20. Rfd1 Nd3 21. Rb1
exd5 22. exd5 Bf6 23. Ba1 Re8 24. Qc2 Qd7 25. Be4 Rxe4 26. Rxb7 Re1+ 27. Rxe1
Nxe1 28. Rxd7 Nxc2 29. Bb2 h6 30. Rb7 Rd8 31. Na4 Rxd5 32. Rc7 Bxb2 33. Nxb2
Na3 34. Nxc4 Nxc4 35. Rxc4 Ra5 36. a4 f5 37. h4 h5 38. Kg2 Kf7 39. Kf3 Ke6 40.
Rc6+ Ke5 41. Rg6 Rxa4 42. Rxg7 Ra3+ 43. Kg2 Rb3 44. Rg5 Rb8 45. Rxh5 Ra8 46.
Kf3 a5 47. g4 Rf8 48. g5 a4 49. Rh7 Ra8 50. Re7+ Kd6 51. Re1 a3 52. h5 a2 53.
Ra1 Ke5 54. h6 Ra3+ 55. Kg2 Ra7 56. Kg3 Ke6 57. Kh4 Kf7 58. h7 Kg7 59. g6 Ra6
60. Kh5 f4 61. f3 Ra8 62. Kg5 Ra6 63. Kh5 Ra8 64. Kg4 Kxg6 65. Rxa2 Rh8 66. Ra7
Rxh7 67. Rxh7 Kxh7 68. Kxf4 Kg6 69. Ke5 Kf7 70. Kf5 1-0

[Event "Quebec op"]
[Site "Montreal CAN"]
[Date "2023.07.29"]
[Round "1.9"]
[White "Zheng, Richard"]
[Black "Wang, Rachel"]
[Result "1-0"]
[WhiteElo "2214"]
[BlackElo "1675"]
[PlyCount "145"]
[EventDate "2023.07.29"]
[EventType "swiss"]
[EventRounds "9"]
[EventCountry "CAN"]

1. d4 d5 2. Nf3 Nf6 3. c4 dxc4 4. e3 e6 5. Bxc4 c5 6. Nc3 Nc6 7. O-O cxd4 8.
exd4 Be7 9. Bg5 O-O 10. Qd2 Na5 11. Bd3 b6 12. Rac1 Bb7 13. Ne5 Nd5 14. Be3 Rc8
15. Qe2 Nc6 16. Nf3 Bf6 17. Ne4 Be7 18. a3 h6 19. Ng3 Bd6 20. Ne4 Nf4 21. Bxf4
Bxf4 22. Rc4 Ba6 23. Rc3 Bxd3 24. Rxd3 Ne7 25. g3 Bb8 26. Kg2 Nd5 27. Qd2 Qc7
28. Nc3 Rfd8 29. Rc1 Qb7 30. Nxd5 Qxd5 31. Rxc8 Rxc8 32. Rc3 Rxc3 33. Qxc3 Qb7
34. Kg1 Bd6 35. Nd2 Kf8 36. Nc4 Qd5 37. Ne3 Qe4 38. Kf1 Ke7 39. Ke2 f5 40. f3
Qb7 41. d5 Kf7 42. dxe6+ Kxe6 43. Qc4+ Kf6 44. Qd3 Qd7 45. Nxf5 Qxf5 46. Qxd6+
Kf7 47. Qc7+ Kg8 48. Qd8+ Kf7 49. Qc7+ Kg8 50. Qc4+ Kh8 51. Qd4 Qh3 52. Qf2
Qe6+ 53. Kf1 Qc4+ 54. Qe2 Qd4 55. Qe8+ Kh7 56. Qe4+ Qxe4 57. fxe4 Kg6 58. Ke2
Kf6 59. Kd3 Ke5 60. h4 h5 61. a4 a6 62. b4 a5 63. b5 Kd6 64. Kd4 Ke6 65. e5 Kf5
66. Kd5 Kg4 67. e6 Kxg3 68. e7 Kxh4 69. e8=Q g5 70. Ke4 g4 71. Kf4 g3 72. Qg6
g2 73. Qg3# 1-0

[Event "Quebec op"]
[Site "Montreal CAN"]
[Date "2023.07.29"]
[Round "1.10"]
[White "Berube, Maximilien"]
[Black "Dukic, Zachary"]
[Result "0-1"]
[WhiteElo "1655"]
[BlackElo "2196"]
[PlyCount "124"]
[EventDate "2023.07.29"]
[EventType "swiss"]
[EventRounds "9"]
[EventCountry "CAN"]

1. e4 c5 2. Nf3 Nc6 3. Bc4 e6 4. O-O a6 5. c3 d5 6. exd5 exd5 7. Re1+ Be7 8.
Bf1 Nf6 9. d4 O-O 10. h3 Qb6 11. Nbd2 cxd4 12. Nxd4 Nxd4 13. cxd4 Bb4 14. a3
Ba5 15. Qc2 Qxd4 16. Nb3 Qa4 17. Rd1 Bb6 18. Nd4 Qxc2 19. Nxc2 Bf5 20. Nd4 Bd7
21. Be3 Rac8 22. Be2 Ba4 23. Rdc1 Rxc1+ 24. Rxc1 Bd7 25. Bf3 Rc8 26. Rxc8+ Bxc8
27. Kf1 g5 28. Ke2 h5 29. Kd3 g4 30. hxg4 hxg4 31. Bd1 Nd7 32. Kc3 Ne5 33. Be2
Bd8 34. f3 Kg7 35. b3 f5 36. f4 Nf7 37. Kd3 Bh4 38. Bd2 Bg3 39. Bd1 Bd7 40. a4
Kg6 41. Ke3 Nd6 42. Ne2 Bh4 43. Kd3 Ne4 44. Be3 Kf6 45. Nd4 Ke7 46. Nc2 Kd6 47.
Bd4 Bf6 48. Bxf6 Nxf6 49. Kd4 Nh5 50. Ke3 Kc5 51. Be2 d4+ 52. Nxd4 Nxf4 53. Bf1
Nd5+ 54. Kd3 f4 55. Be2 Ne3 56. g3 Nf5 57. Bxg4 Nxd4 58. Bxd7 fxg3 59. b4+ Kxb4
60. Bh3 Nb3 61. Ke3 Kxa4 62. Bc8 Nc5 0-1

[Event "Quebec op"]
[Site "Montreal CAN"]
[Date "2023.07.29"]
[Round "1.11"]
[White "Zhu, Hong Rui"]
[Black "Enkh-Amar, Galbadrakh"]
[Result "1-0"]
[WhiteElo "2176"]
[BlackElo "1394"]
[PlyCount "105"]
[EventDate "2023.07.29"]
[EventType "swiss"]
[EventRounds "9"]
[EventCountry "CAN"]

1. e4 c6 2. d4 d5 3. exd5 cxd5 4. Bd3 Nc6 5. c3 Nf6 6. Bf4 e6 7. Nd2 Bd6 8. Bg3
O-O 9. Ngf3 Qc7 10. O-O e5 11. dxe5 Nxe5 12. Nxe5 Bxe5 13. Bxe5 Qxe5 14. Nf3
Qc7 15. h3 Re8 16. Qa4 Bd7 17. Qd4 h6 18. Rfe1 a6 19. Rxe8+ Rxe8 20. Re1 Rxe1+
21. Nxe1 Bc6 22. Nc2 Qe7 23. Ne3 Qe6 24. Bf5 Qe7 25. Bc2 Qe6 26. Qf4 Qe7 27.
Kh2 Nd7 28. Bb3 Nf6 29. Qg3 Qe6 30. Bc2 Nd7 31. Bf5 Qe7 32. Bxd7 Qxd7 33. Qb8+
Kh7 34. Qe5 Qe6 35. Qxe6 fxe6 36. f4 Kg6 37. Kg3 Kf6 38. Kf2 g5 39. Ng4+ Kf5
40. Nxh6+ Kxf4 41. g3+ Ke4 42. Nf7 Kf5 43. Nd8 e5 44. Ke3 Kf6 45. Nxc6 bxc6 46.
b4 Kf5 47. Kd3 Ke6 48. c4 Kd6 49. cxd5 cxd5 50. a4 a5 51. bxa5 Kc5 52. a6 e4+
53. Ke3 1-0

[Event "Quebec op"]
[Site "Montreal CAN"]
[Date "2023.07.29"]
[Round "1.12"]
[White "Gingras, Philippe"]
[Black "Zhong, Kevin"]
[Result "1/2-1/2"]
[WhiteElo "1961"]
[BlackElo "2143"]
[PlyCount "59"]
[EventDate "2023.07.29"]
[EventType "swiss"]
[EventRounds "9"]
[EventCountry "CAN"]

1. d4 d5 2. Nc3 Nf6 3. Bf4 e6 4. Nb5 Na6 5. e3 Be7 6. Nf3 O-O 7. c4 Ne4 8. Rc1
c6 9. Nc3 Nxc3 10. bxc3 Nb8 11. Bd3 Nd7 12. O-O b6 13. Qa4 Bb7 14. Bb1 dxc4 15.
Qxc4 c5 16. Qe2 Nf6 17. e4 Qd7 18. Rfe1 cxd4 19. cxd4 Rac8 20. h3 Rxc1 21. Bxc1
Rc8 22. Bb2 Qd8 23. Qd3 g6 24. Qb3 Ba6 25. Qa4 Bc4 26. Rc1 b5 27. Qxa7 Ra8 28.
Qb7 Rb8 29. Qa7 Ra8 30. Qb7 1/2-1/2

[Event "Quebec op"]
[Site "Montreal CAN"]
[Date "2023.07.29"]
[Round "1.14"]
[White "Deboosere, Adam"]
[Black "Lin, Leo"]
[Result "0-1"]
[WhiteElo "1745"]
[BlackElo "2050"]
[PlyCount "100"]
[EventDate "2023.07.29"]
[EventType "swiss"]
[EventRounds "9"]
[EventCountry "CAN"]

1. c4 Nf6 2. g3 g6 3. Bg2 Bg7 4. Nc3 O-O 5. e4 d6 6. Nge2 e5 7. O-O Nbd7 8. d3
c6 9. h3 Ne8 10. Be3 f5 11. Qd2 Ndf6 12. d4 Qe7 13. dxe5 dxe5 14. Rad1 Be6 15.
b4 Qxb4 16. c5 Qa5 17. Qb2 Rf7 18. exf5 gxf5 19. f4 e4 20. Nd4 Nd5 21. Nxd5
Bxd5 22. Qe2 Qxa2 23. Qh5 Qa3 24. Rfe1 Bxd4 25. Bxd4 Ng7 26. Qg5 Qa5 27. Ra1
Qb4 28. Red1 a5 29. Kh2 a4 30. g4 Bb3 31. Bxg7 Rxg7 32. Rd8+ Rxd8 33. Qxd8+ Kf7
34. Qd7+ Kf8 35. Qd8+ Kf7 36. Qd7+ Kf6 37. Qxf5+ Ke7 38. Qe5+ Kf8 39. Bxe4 Qd2+
40. Kh1 Re7 41. Qf6+ Bf7 42. Qh8+ Bg8 43. Qf6+ Ke8 44. Qg5 Bf7 45. Qf5 Kf8 46.
Bg2 a3 47. Qb1 a2 48. Qf1 Re2 49. Rd1 Rf2 50. Qg1 Rxg2 0-1

[Event "Quebec op"]
[Site "Montreal CAN"]
[Date "2023.07.29"]
[Round "1.15"]
[White "Robichaud, Louis"]
[Black "Jiang, Barron Jiyu"]
[Result "1-0"]
[WhiteElo "2008"]
[BlackElo "1764"]
[PlyCount "101"]
[EventDate "2023.07.29"]
[EventType "swiss"]
[EventRounds "9"]
[EventCountry "CAN"]

1. e4 c5 2. d3 d6 3. f4 g6 4. Nf3 Bg7 5. Be2 Nc6 6. O-O e6 7. a4 Nge7 8. c3 O-O
9. Na3 e5 10. fxe5 dxe5 11. Be3 b6 12. Qd2 f5 13. Bd1 Be6 14. Ng5 Qd7 15. Nxe6
Qxe6 16. Qe2 Kh8 17. Nc4 f4 18. Bf2 g5 19. Qg4 Qxg4 20. Bxg4 Ng8 21. a5 Nf6 22.
Be2 b5 23. Nd6 Rfb8 24. Bxc5 b4 25. Nf7+ Kg8 26. Nxg5 bxc3 27. bxc3 Rb2 28.
Rfe1 Rc2 29. d4 Rxc3 30. Rac1 Rxc1 31. Rxc1 Bh6 32. Bc4+ Kg7 33. Ne6+ Kh8 34.
dxe5 Nxe4 35. Bd5 f3 36. Bxe4 Bxc1 37. Bxc6 Rc8 38. Bxf3 Bb2 39. Bd4 Bxd4+ 40.
Nxd4 Rc5 41. Nc6 Kg7 42. e6 Kf6 43. e7 Kf7 44. a6 Rg5 45. Nxa7 Kxe7 46. Nc6+
Kd6 47. a7 Rg8 48. Nb8 Kc7 49. a8=Q Rxb8 50. Qa7+ Kc8 51. Bg4+ 1-0

[Event "Quebec op"]
[Site "Montreal CAN"]
[Date "2023.07.29"]
[Round "1.16"]
[White "Eltafi, Ali Sina"]
[Black "Luksza, Arkadiusz"]
[Result "0-1"]
[WhiteElo "1394"]
[BlackElo "1991"]
[PlyCount "68"]
[EventDate "2023.07.29"]
[EventType "swiss"]
[EventRounds "9"]
[EventCountry "CAN"]

1. e4 c5 2. Nc3 Nc6 3. Bc4 d6 4. Nf3 Nf6 5. h3 a6 6. a4 g6 7. d3 Bg7 8. Ng5 O-O
9. f4 e6 10. Bb3 Nd4 11. Ba2 b5 12. Be3 Bd7 13. Bxd4 cxd4 14. Ne2 bxa4 15. Nxd4
Nh5 16. O-O Bxd4+ 17. Kh2 Nxf4 18. Qg4 Nh5 19. Nf3 Bxb2 20. Rae1 Bg7 21. e5
dxe5 22. Nxe5 Qc7 23. d4 Rab8 24. Kh1 Rb2 25. Bb1 Bc6 26. Rxf7 Rxf7 27. Qxe6
Bxe5 28. Rxe5 Rxb1+ 29. Kh2 Re1 30. g3 Rxe5 31. dxe5 Qd7 32. Qc4 Qd2+ 33. Qe2
Qxe2+ 34. Kg1 Qf2# 0-1

[Event "Quebec op"]
[Site "Montreal CAN"]
[Date "2023.07.29"]
[Round "2.1"]
[White "Dukic, Zachary"]
[Black "Bruzon Batista, Lazaro"]
[Result "0-1"]
[WhiteElo "2196"]
[BlackElo "2609"]
[PlyCount "58"]
[EventDate "2023.07.29"]
[EventType "swiss"]
[EventRounds "9"]
[EventCountry "CAN"]

1. e4 e5 2. Nf3 Nc6 3. Bb5 a6 4. Ba4 Nf6 5. O-O Be7 6. d3 d6 7. c4 O-O 8. h3
Nd4 9. Nxd4 exd4 10. Nd2 Rb8 11. f4 b5 12. Bc2 c5 13. b3 Ne8 14. g4 g6 15. f5
Kh8 16. Nf3 gxf5 17. gxf5 bxc4 18. bxc4 Rg8+ 19. Kh1 Nf6 20. Nh2 Bd7 21. Bf4
Bc6 22. Ng4 Nxg4 23. hxg4 Bg5 24. Bg3 Be3 25. Kg2 Rb2 26. Kh3 Qg5 27. Bh4 Qg7
28. Bb1 Qh6 29. Rh1 Bf2 0-1

[Event "Quebec op"]
[Site "Montreal CAN"]
[Date "2023.07.29"]
[Round "2.2"]
[White "Rozentalis, Eduardas"]
[Black "Zheng, Richard"]
[Result "1/2-1/2"]
[WhiteElo "2496"]
[BlackElo "2214"]
[PlyCount "69"]
[EventDate "2023.07.29"]
[EventType "swiss"]
[EventRounds "9"]
[EventCountry "CAN"]

1. e4 c6 2. d3 d5 3. Nf3 g6 4. g3 Bg7 5. Bg2 Bg4 6. h3 Bxf3 7. Qxf3 e6 8. O-O
Nd7 9. Qe2 Ne7 10. c3 O-O 11. Bg5 Re8 12. Nd2 h6 13. Be3 c5 14. Nb3 Qc7 15. f4
f5 16. exf5 exf5 17. Rae1 b6 18. Qf3 Nf6 19. Bf2 Rad8 20. g4 fxg4 21. hxg4 h5
22. gxh5 Nxh5 23. Bh4 Bf6 24. Bxf6 Nxf6 25. d4 Kg7 26. dxc5 bxc5 27. Qf2 Rc8
28. Re6 Nf5 29. Rxe8 Rxe8 30. Qxc5 Qxc5+ 31. Nxc5 Re2 32. Rf2 Re1+ 33. Rf1 Re2
34. Rf2 Re1+ 35. Rf1 1/2-1/2

[Event "Quebec op"]
[Site "Montreal CAN"]
[Date "2023.07.29"]
[Round "2.4"]
[White "Sambuev, Bator"]
[Black "Zhu, Hong Rui"]
[Result "1/2-1/2"]
[WhiteElo "2457"]
[BlackElo "2176"]
[PlyCount "102"]
[EventDate "2023.07.29"]
[EventType "swiss"]
[EventRounds "9"]
[EventCountry "CAN"]

1. d4 d5 2. c4 e6 3. Nf3 c6 4. e3 Bd6 5. b3 f5 6. Be2 Nf6 7. O-O Qe7 8. a4 a5
9. Ba3 Bxa3 10. Nxa3 Na6 11. Nc2 O-O 12. c5 Nd7 13. Qd2 Nc7 14. Qc3 e5 15. Nxe5
Nxe5 16. dxe5 Ne6 17. Rac1 Nxc5 18. f3 f4 19. exf4 Rxf4 20. Qe3 Ne6 21. g3 Rf7
22. f4 g6 23. g4 Ng7 24. Qg3 Bd7 25. Bd3 Kh8 26. h3 Ne6 27. Kh2 Nc5 28. Rce1
Raf8 29. e6 Bxe6 30. f5 gxf5 31. gxf5 Nxd3 32. Rxe6 Qc7 33. Qxc7 Rxc7 34. Nd4
Nc5 35. Re5 Rcf7 36. Kg3 Rg8+ 37. Kh2 Ne4 38. Rf4 Rfg7 39. Rg4 Rxg4 40. hxg4
Rxg4 41. Re7 Nd6 42. Ne6 Nxf5 43. Rxb7 h5 44. Rc7 Nh4 45. Rxc6 Nf3+ 46. Kh3
Ng1+ 47. Kh2 Nf3+ 48. Kh3 Nd2 49. Nc5 Rb4 50. Rh6+ Kg7 51. Rxh5 Nxb3 1/2-1/2

[Event "Quebec op"]
[Site "Montreal CAN"]
[Date "2023.07.29"]
[Round "2.6"]
[White "Luksza, Arkadiusz"]
[Black "Tanaka, Tyler"]
[Result "0-1"]
[WhiteElo "1991"]
[BlackElo "2297"]
[PlyCount "94"]
[EventDate "2023.07.29"]
[EventType "swiss"]
[EventRounds "9"]
[EventCountry "CAN"]

1. d4 Nf6 2. g3 d5 3. Bg2 Bf5 4. Nf3 e6 5. O-O h6 6. c4 c6 7. Nc3 Nbd7 8. Qb3
Qb6 9. c5 Qxb3 10. axb3 a6 11. Re1 g5 12. h4 g4 13. Nd2 Bg7 14. b4 O-O-O 15. e4
Nxe4 16. Ncxe4 dxe4 17. Nc4 Nf6 18. Nd6+ Rxd6 19. cxd6 Rd8 20. Bf4 Nd5 21. Be5
f6 22. Bf4 Nxf4 23. gxf4 Rxd6 24. Rad1 h5 25. Bxe4 Bxe4 26. Rxe4 f5 27. Re2 Bh6
28. d5 cxd5 29. Rc1+ Kb8 30. Rce1 Bxf4 31. Rxe6 Kc7 32. Rxd6 Kxd6 33. Re8 d4
34. Kf1 Be5 35. Ke2 f4 36. Rg8 f3+ 37. Kd3 Bf6 38. Rg6 Ke7 39. Rh6 Bxh4 40.
Rxh5 Bxf2 41. Ke4 Bg1 42. Re5+ Kd6 43. Rd5+ Kc6 44. Rc5+ Kb6 45. Rc1 Be3 46.
Rd1 Kb5 47. Rf1 f2 0-1

[Event "Quebec op"]
[Site "Montreal CAN"]
[Date "2023.07.29"]
[Round "2.8"]
[White "Voskanyan, Vahagn"]
[Black "Saha, Ananda"]
[Result "0-1"]
[WhiteElo "2181"]
[BlackElo "1984"]
[PlyCount "92"]
[EventDate "2023.07.29"]
[EventType "swiss"]
[EventRounds "9"]
[EventCountry "CAN"]

1. c4 e6 2. g3 d5 3. Bg2 Nf6 4. Nf3 c5 5. cxd5 exd5 6. d4 Nc6 7. Nc3 h6 8. O-O
Be6 9. Be3 c4 10. b3 Bb4 11. Rc1 Ba3 12. bxc4 Bxc1 13. Bxc1 O-O 14. cxd5 Nxd5
15. Na4 Nf6 16. Nc5 Bxa2 17. Nxb7 Qb6 18. Nc5 Rad8 19. Qc2 Bb1 20. Qc4 Na5 21.
Qa4 Be4 22. Ba3 Bc6 23. Qd1 Nc4 24. Bc1 Rfe8 25. e3 a5 26. Qc2 Nd6 27. Bd2 Ra8
28. Rb1 Qc7 29. Rc1 Bd5 30. Qd3 Qe7 31. Ra1 Nc4 32. Bc3 Qc7 33. Ra4 Nd6 34. Be1
Nfe4 35. Nb3 Reb8 36. Nbd2 Qc1 37. Bf1 Nxd2 38. Qxd2 Qc6 39. Rxa5 Bxf3 40. d5
Qd7 41. Qa2 Rxa5 42. Qxa5 Ne4 43. Qa2 Ng5 44. Bc4 Qh3 45. Bf1 Qf5 46. h4 Bxd5
0-1

[Event "Quebec op"]
[Site "Montreal CAN"]
[Date "2023.07.29"]
[Round "2.9"]
[White "Turcotte, Jonathan"]
[Black "Perez Rodriguez, Luis Manuel"]
[Result "1/2-1/2"]
[WhiteElo "1921"]
[BlackElo "2328"]
[PlyCount "60"]
[EventDate "2023.07.29"]
[EventType "swiss"]
[EventRounds "9"]
[EventCountry "CAN"]

1. d4 d5 2. c4 c6 3. Nf3 Nf6 4. Nc3 e6 5. Bg5 dxc4 6. e4 b5 7. e5 h6 8. Bh4 g5
9. Nxg5 hxg5 10. Bxg5 Nbd7 11. g3 Bb7 12. Bg2 Qb6 13. exf6 c5 14. dxc5 Bxc5 15.
O-O Bxg2 16. Kxg2 Qc6+ 17. f3 O-O-O 18. Qe2 Bd4 19. a4 a6 20. axb5 axb5 21. Ra5
Bxc3 22. bxc3 Nc5 23. Rfa1 Na4 24. Bf4 Rd5 25. Ra7 e5 26. Bxe5 Re8 27. Re7 Rxe7
28. fxe7 Qe6 29. f4 Qxe7 30. Qe4 Qe6 1/2-1/2

[Event "Quebec op"]
[Site "Montreal CAN"]
[Date "2023.07.29"]
[Round "2.10"]
[White "Zhong, Kevin"]
[Black "Gueorguiev, Valentin"]
[Result "1-0"]
[WhiteElo "2143"]
[BlackElo "1917"]
[PlyCount "115"]
[EventDate "2023.07.29"]
[EventType "swiss"]
[EventRounds "9"]
[EventCountry "CAN"]

1. d4 d5 2. c4 e6 3. Nf3 Nf6 4. Nc3 c6 5. e3 Nbd7 6. Be2 dxc4 7. a4 Bd6 8. Nd2
O-O 9. Nxc4 Bc7 10. b3 e5 11. Ba3 Re8 12. O-O e4 13. d5 cxd5 14. Nxd5 Nxd5 15.
Qxd5 Nf6 16. Qxd8 Rxd8 17. Be7 Rd7 18. Bc5 b6 19. Bd4 Bb7 20. Rfc1 Bd5 21. Rc2
Re8 22. Nd2 Red8 23. Bb5 Re7 24. Rac1 Be5 25. Rc8 Rf8 26. Rxf8+ Kxf8 27. Rc8+
Ne8 28. Bxe8 Bb7 29. Bd7+ Bxc8 30. Bxc8 Bxd4 31. exd4 Rc7 32. Ba6 Rc1+ 33. Nf1
Rd1 34. Bc4 Rxd4 35. Ne3 g6 36. g4 Ke7 37. Kf1 Rd7 38. Nd5+ Kf8 39. g5 Kg7 40.
Ke2 h6 41. h4 hxg5 42. hxg5 Rd6 43. Ke3 Re6 44. Nf6 Re5 45. Nxe4 Re8 46. Kd4
Rd8+ 47. Ke5 Re8+ 48. Kd5 Rh8 49. Kc6 Rh4 50. Bd5 Kf8 51. Kb7 Rh7 52. Nf6 Rh2
53. Kxa7 Rxf2 54. Kxb6 Kg7 55. a5 Rb2 56. a6 Ra2 57. a7 Ra3 58. Ne8+ 1-0

[Event "Quebec op"]
[Site "Montreal CAN"]
[Date "2023.07.29"]
[Round "2.11"]
[White "Malakhovets, Sergey"]
[Black "Avarian, Aram Sevag"]
[Result "1/2-1/2"]
[WhiteElo "1966"]
[BlackElo "1842"]
[PlyCount "81"]
[EventDate "2023.07.29"]
[EventType "swiss"]
[EventRounds "9"]
[EventCountry "CAN"]

1. d4 Nf6 2. Bf4 g6 3. Nc3 d5 4. Nf3 Bg7 5. Nb5 Na6 6. e3 c6 7. Nc3 Nc7 8. h3
O-O 9. Be2 Nce8 10. O-O Nd6 11. Ne5 Nd7 12. Na4 f6 13. Nxd7 Qxd7 14. Nc5 Qe8
15. a4 e5 16. Bh2 b6 17. Nd3 a5 18. c3 Qe7 19. b4 e4 20. Nf4 g5 21. Nh5 Ba6 22.
Bxa6 Rxa6 23. Qe2 Nc4 24. Rfb1 f5 25. b5 cxb5 26. Rxb5 Qf7 27. Rf1 Raa8 28.
Nxg7 Kxg7 29. Be5+ Kg6 30. Rfb1 Qe6 31. f4 h6 32. Kh2 Rac8 33. R1b3 Rc6 34. Qe1
Kh7 35. h4 g4 36. g3 Rfc8 37. Kg2 h5 38. Kf2 Kg6 39. Ke2 Kf7 40. Qc1 Qd7 41.
Qe1 1/2-1/2

[Event "Quebec op"]
[Site "Montreal CAN"]
[Date "2023.07.29"]
[Round "2.12"]
[White "Mok, Yuen Tak"]
[Black "Gingras, Philippe"]
[Result "1-0"]
[WhiteElo "1841"]
[BlackElo "1961"]
[PlyCount "79"]
[EventDate "2023.07.29"]
[EventType "swiss"]
[EventRounds "9"]
[EventCountry "CAN"]

1. e4 e6 2. d4 d5 3. e5 c5 4. c3 Nc6 5. Nf3 Bd7 6. Be2 f6 7. O-O fxe5 8. Nxe5
Nxe5 9. dxe5 Qc7 10. Re1 Ne7 11. Bf4 g6 12. c4 d4 13. Nd2 Bg7 14. Bd3 Rf8 15.
Qg4 Nf5 16. Ne4 O-O-O 17. Nf6 h5 18. Qf3 Bc6 19. Be4 Bxe4 20. Qxe4 Rf7 21. a3
Qc6 22. Qxc6+ bxc6 23. Ne4 Bf8 24. Bg5 Rdd7 25. Bf6 Rb7 26. Ng5 Rfd7 27. Nxe6
Rf7 28. Nd8 Rxf6 29. Nxb7 Re6 30. Na5 Kc7 31. Nb3 Be7 32. Kf1 Kb6 33. Nc1 a5
34. Nd3 Bg5 35. Rab1 Ng7 36. Re2 Re7 37. b4 axb4 38. axb4 cxb4 39. Rxb4+ Kc7
40. Ra2 1-0